000 00742nam a22002057a 4500
999 _c20904
_d20904
003 AR-CdUCM
008 190607b ||||| |||| 00| 0 eng d
040 _aMUNICIPALIDAD PROVINCIAL DEL CUSCO
_cBIBLIOTECA MUNICIPAL DEL CUSCO
082 _a372.64 /
_bM65
110 _aFelicidad
_943625
245 _aCuentos /
260 _aEspaña :
_bFher,
_c1961.
300 _a82 páginas ;
_bIlustraciones,
_c26 cm.
440 _aMis mejores cuentos de adas --
_n 3
_943626
500 _a10 tomos
505 _aContenido: t3: La bella durmiente -- El escarabajo vanidoso -- El sastre y el zapatero - t4: Caperucita roja -- El gato del titiritero -- La mantequilla mágica...
650 _aCuentos
_9217
942 _2ddc
_cLIBROS
945 _aJavier